000 00373nam a2200145Ia 4500
008 230917s9999||||xx |||||||||||||| ||und||
040 _e142665
_aMAIN
041 _aEnglish
082 _a363.7 R188P
100 _aRathaur, Umesh
245 0 _aPrayawarn Sankat evam pradushan ka kahar
260 _aNew Delhi
_bTaxshila Prakashan
_c2000
300 _a192 p.
942 _cBK
999 _c112901
_d112901